University Home | Library Home | Institutional Repository

Economic and Social Commission for Western Asia : (Record no. 114772)

MARC details
000 -LEADER
fixed length control field 00475cas a2200133 4500
008 - FIXED-LENGTH DATA ELEMENTS--GENERAL INFORMATION
fixed length control field 100827n eng u
035 ## - SYSTEM CONTROL NUMBER
System control number (Sirsi) a171049
050 ## - LIBRARY OF CONGRESS CALL NUMBER
Classification number UN HC415.15:
Item number ESC 2009
245 ## - TITLE STATEMENT
Title Economic and Social Commission for Western Asia :
Remainder of title Annual report 2005:
-- A Year in Review
260 ## - PUBLICATION, DISTRIBUTION, ETC.
Place of publication, distribution, etc. Beirut:
Name of publisher, distributor, etc. Economic and Social Commission for Western Asia,
Date of publication, distribution, etc. 2005
300 ## - PHYSICAL DESCRIPTION
Extent 61p.:
Other physical details ill.
504 ## - BIBLIOGRAPHY, ETC. NOTE
Bibliography, etc. note
710 ## - ADDED ENTRY--CORPORATE NAME
Corporate name or jurisdiction name as entry element Economic and Social Commission for Western Asia
Holdings
Withdrawn status Lost status Source of classification or shelving scheme Damaged status Not for loan Home library Current library Shelving location Cost, normal purchase price Total Checkouts Full call number Barcode Date last seen Copy number Price effective from Koha item type
    Library of Congress Classification     Main Library Main Library Special collections 0.00   UN HC415.15 ESC 2009 33729000836952 08/21/2019 1 08/21/2019 Book
© 2026 - The University of Zambia Library - Koha v25.11